000 00566cac a22001811u 4500
008 081108s2004 at |||||r|||| 00| 0 eng d
010 _a 96116189
020 _a0789504138
020 _a9812435492
082 0 0 _a004/.068
_bF879
_222
245 1 0 _aManagement of information technology /
_cCarroll W. Frenzel, John C. Frenzel
250 _a4th ed.
260 _aAustralia :
_bThomson.,
_c2004.
300 _axxiv, 600 p. :
_bill. ;
_c24 cm.
650 0 _aInformation technology
_xManagement.
_933329
700 _4Frenzel, John C.
_933330
942 _cBB
_k004.068F879
_2ddc
999 _c320
_d320